000 00499nam a22001697a 4500
003 BD-ChCU
005 20251218091130.0
008 251218b bg ||||| |||| 00| 0 ben d
040 _cBD-ChCU
082 _a510.78 STG
100 _aStone , Philip J.
_918303
245 _aThe general inquirer :
_ba computer approach to content analysis ./
_cPhilip J. stone.
260 _aCambridge :
_bM.I.T. press ,
_cC 1966
300 _axx , 651p
650 0 _aDunphy , Dexter C.
_918304
942 _2ddc
_cBK
_n0
999 _c110533
_d110533